Movie General Knowledge #5 - Statistics

General Stats
  • This quiz has been taken 22 times
  • The average score is 5 of 15
Answer Stats
Hint Answer % Correct
What movie stars these actors/actress? Tom Cruise, Jack Nicholson, Demi Moore. A Few Good Men
68%
What movie stars these actors/actress? Leonardo DiCaprio, Brad Pitt, Margot Robbie. Once Upon a Time in Hollywood
63%
Which musician appears in "Dunkirk"? Harry Styles
53%
Who plays Freddie Mercury in "Bohemian Rhapsody"? Rami Malek
53%
What is the first feature film to be completely computer animated? Toy Story
53%
What is the "gang" name of the famous robbers Harry and Marv? Wet Bandits
42%
Who plays Kay Adams in "The Godfather"? Diane Keaton
37%
Who voice acts Emmet Brickowski in "The Lego Movie"? Chris Pratt
32%
Which Shark Tank host plays a large role in "Marty Supreme"? Kevin O'Leary
26%
Who directed the following movies? Prisoners, Dune, Dune Part 2. Denis Villeneuve
21%
Who plays Anakin Skywalker in the prequel trilogy? Hayden Christensen
21%
What is Tom Cruise's character "Maverick" real name? Pete Mitchell
16%
Which NBA player plays "Kermit Wilts" in the movie "Hustle"? Anthony Edwards
11%
What fraternity is Don Carlton president of in "Monsters University"? Oozma Kappa
11%
What is the only horror movie to win best picture at the oscars? Silence of the Lambs
11%
No matching quizzes found
Score Distribution
Percent of People with Each Score
Percentile by Number Answered
Your Score History
You have not taken this quiz